[Event "RUS-Cup"]
[Site "Tula "]
[Date "1999.??.??"]
[Round "2"]
[White "Iskusnyh, Sergei"]
[Black "Timofeev, Sergey"]
[Result "1-0"]
[WhiteElo "2486"]
[BlackElo "2253"]

1.Nf3 Nf6 2.c4 g6 3.Nc3 Bg7 4.e4 d6 5.d4 O-O 6.Be2 e5 7.O-O Nc6 8.d5 Ne7
9.b4 Nh5 10.Re1 f5 11.Ng5 Nf6 12.Bf3 h6 13.Ne6 Bxe6 14.dxe6 c6 15.Be3 g5
16.exf5 Nxf5 17.b5 Qc7 18.Rb1 Nh4 19.Be4 Nxe4 20.Nxe4 Nf5 21.bxc6 bxc6 22.g4 Nxe3
23.Rxe3 Rad8 24.Rd3 d5 25.cxd5 cxd5 26.Rxd5 Rxd5 27.Qxd5 Rd8 28.Qb7 Qxb7
29.Rxb7 Rd4 30.Rb8+  1-0

[Event "RUS-Cup"]
[Site "Tula "]
[Date "1999.??.??"]
[Round "4"]
[White "Sherbakov, Ruslan"]
[Black "Iskusnyh, Sergei"]
[Result "1-0"]
[WhiteElo "2559"]
[BlackElo "2486"]

1.d4 Nf6 2.c4 g6 3.Nc3 Bg7 4.e4 d6 5.Be2 O-O 6.Nf3 e5 7.O-O Nc6 8.d5 Ne7
9.b4 Nh5 10.Re1 f5 11.Ng5 Nf6 12.Bf3 c6 13.Be3 h6 14.Ne6 Bxe6 15.dxe6 fxe4
16.Nxe4 Nxe4 17.Bxe4 d5 18.cxd5 cxd5 19.Bc2 b6 20.Qg4 e4 21.Rad1 Qc7 22.Bb3 Rf5
23.Rd2 Bc3 24.Rc1 Qe5 25.Rxd5 Nxd5 26.Qxg6+ Kh8 27.Qxh6+ Kg8 28.Qg6+ Kh8
29.Qh6+ Kg8 30.e7 Kf7 31.Qc6 Re8 32.Rd1 Qf6 33.Bxd5+ Kxe7 34.Qc7+ Kf8 35.Qh7 Ree5
36.Bb3 Ke8 37.Qg8+ Qf8 38.Qg6+  1-0

[Event "RUS-Cup"]
[Site "Tula "]
[Date "1999.??.??"]
[Round "5"]
[White "Zakharov, Alexander S"]
[Black "Chigvintsev, Andrei"]
[Result "1-0"]
[WhiteElo "2430"]
[BlackElo "2387"]

1.d4 Nf6 2.Nf3 g6 3.c4 Bg7 4.Nc3 O-O 5.e4 d6 6.Be2 e5 7.O-O Nc6 8.Be3 Ng4
9.Bg5 f6 10.Bc1 Nh6 11.dxe5 dxe5 12.Qxd8 Nxd8 13.Rd1 Ne6 14.b3 c6 15.c5 Re8
16.b4 Nf7 17.Bb2 Bf8 18.Bc4 Nf4 19.Nd2 Kg7 20.h4 b5 21.Bf1 a5 22.a3 a4 23.g3 Ne6
24.Ne2 Kg8 25.Bg2 Ra7 26.Nf1 Ned8 27.Ne3 Bh6 28.Rd3 Be6 29.f4 Ree7 30.f5 Bxe3+
31.Rxe3 Bc4 32.fxg6 hxg6 33.Nc3 Rad7 34.Bf1 Bxf1 35.Rxf1 Kg7 36.Ref3 Rd2
37.Ba1 Ne6 38.Rxf6 Nd4 39.R6f2 Rd3 40.Kg2 Nh6 41.Kh3 Rf7 42.Rxf7+ Nxf7 43.Rd1 Re3
44.Bb2 Kf8 45.Rd2 Ke7 46.Nd1 Rb3 47.Nf2 Nf3 48.Rd3 N3g5+ 49.hxg5 Rxb2 50.Nd1 Re2
51.Nc3 Rb2 52.Kg4 Rb3 53.Re3 Nd8 54.Nd1 Ne6 55.Rf3 Nd4 56.Rf6 Rxa3 57.Rxg6 Rd3
58.Nf2 Rf3 59.Nh3  1-0

[Event "RUS-Cup"]
[Site "Tula "]
[Date "1999.??.??"]
[Round "6"]
[White "Shariyazdanov, Andrey"]
[Black "Iskusnyh, Sergei"]
[Result "1/2-1/2"]
[WhiteElo "2539"]
[BlackElo "2486"]

1.d4 Nf6 2.c4 g6 3.Nc3 Bg7 4.e4 d6 5.Be2 O-O 6.Nf3 e5 7.O-O Nc6 8.d5 Ne7
9.b4 Nh5 10.Re1 f5 11.Ng5 Nf6 12.Bf3 c6 13.Be3 h6 14.Ne6 Bxe6 15.dxe6 Nxe4
16.Nxe4 fxe4 17.Bxe4 d5 18.cxd5 cxd5 19.Bc2 b6 20.Qg4 e4 21.Rad1 Qc7 22.Ba4 Rf5
23.Bd7 Raf8 24.Qe2 Be5 25.h3 Bh2+ 26.Kh1 Bf4 27.Bd4 Be5 28.Be3 Bf4 29.Bd4 Be5
30.Be3  1/2-1/2

[Event "RUS-Cup"]
[Site "Tula "]
[Date "1999.??.??"]
[Round "8"]
[White "Rashkovsky, Nukhim N"]
[Black "Temirbaev, Serik"]
[Result "1-0"]
[WhiteElo "2525"]
[BlackElo "2490"]

1.d4 Nf6 2.c4 g6 3.Nc3 Bg7 4.e4 d6 5.Nf3 O-O 6.Be2 e5 7.O-O Nc6 8.d5 Ne7
9.b4 h6 10.Nd2 Ne8 11.a4 f5 12.a5 fxe4 13.Ndxe4 Nf5 14.Bg4 Nf6 15.Nxf6+ Qxf6
16.Ne4 Qh4 17.Ra3 Ne3 18.Bxe3 Bxg4 19.f3 Bf5 20.Bf2 Qe7 21.Re1 g5 22.a6 b6
23.c5 Rad8 24.cxb6 cxb6 25.Rc3 Rf7 26.Rc6 Bf8 27.b5 Rg7 28.h3 Qf7 29.Re3 Qg6
30.Qe2 h5 31.g4 hxg4 32.hxg4 Bxe4 33.Rxe4 Rdd7 34.Bg3 Qf7 35.Qd3 Rh7 36.Re2 Qg7
37.Qe4 Rf7 38.Rh2 Qf6 39.Rxh7 Rxh7 40.Qf5 Qh6 41.Qe6+ Qxe6 42.dxe6  1-0

[Event "RUS-ch sf"]
[Site "Ufa"]
[Date "1999.??.??"]
[Round "6"]
[White "Karpeshov, Oleg"]
[Black "Maksyutov, E."]
[Result "1/2-1/2"]
[WhiteElo "2441"]
[BlackElo "2294"]

1.d4 Nf6 2.c4 g6 3.Nc3 Bg7 4.e4 d6 5.Nf3 O-O 6.Be2 e5 7.O-O Nc6 8.d5 Ne7
9.Bg5 Nh5 10.Ne1 Nf4 11.Nd3 Nxe2+ 12.Qxe2 f5 13.exf5 Bxf5 14.f3 h6 15.Bxe7 Qxe7
16.g4 Bd7 17.h3 h5 18.Kg2 Rae8 19.Rae1 c6 20.Qe3 c5 21.Ne4 b5 22.b3 bxc4
23.bxc4 Bc8 24.Rc1 Kh7 25.Qg5 Bf6 26.Nxf6+ Qxf6 27.Qxf6 Rxf6 28.Nf2 Rf4 29.Ne4 Rd8
30.Rfe1 Kg8 31.Rc3 Kf8 32.Ra3 Rd7 33.Rb1 Ke7 34.Kf2 a6 35.Rb6 Rd8 36.Kg3 hxg4
37.hxg4 Bxg4 38.Nxd6 Rxd6 39.Rxd6 Kxd6 40.Rxa6+ Ke7  1/2-1/2

[Event "Vantaa op"]
[Site "Vantaa"]
[Date "1999.??.??"]
[Round "2"]
[White "Veingold, Aleksandr"]
[Black "Keskinen, Sauli"]
[Result "1-0"]
[WhiteElo "2477"]
[BlackElo "2254"]

1.d4 Nf6 2.c4 g6 3.Nc3 Bg7 4.e4 O-O 5.Nf3 d6 6.Be2 e5 7.O-O Nc6 8.d5 Ne7
9.b4 Nh5 10.Re1 f5 11.Ng5 Nf4 12.Bxf4 exf4 13.Rc1 fxe4 14.Ncxe4 Nf5 15.Bg4 Bb2
16.Rc2 Be5 17.c5 h6 18.Ne6 Bxe6 19.dxe6 Qh4 20.g3 fxg3 21.hxg3 Qe7 22.cxd6 cxd6
23.Qd5 h5 24.Bd1 h4 25.g4 Ng7 26.Nc5 h3 27.Nd7 Qxe6 28.Qxe6+ Nxe6 29.Nxf8 Rxf8
30.Re3 h2+ 31.Kg2 Kg7 32.Bf3 Rf7 33.Be4 Rd7 34.Re1 Nf4+ 35.Kh1 Nh3 36.Bd5 b6
37.b5 Kf6 38.Bg2 Ng5 39.f4 Bxf4 40.Rf2 Ne6 41.Bd5 Kg5 42.Rxe6 Rc7 43.Bc6  1-0

[Event "LTU-ch"]
[Site "Vilnius"]
[Date "1999.??.??"]
[Round "?"]
[White "Grabliauskas, Virginijus"]
[Black "Lapienis, Donatas"]
[Result "1-0"]
[WhiteElo "2445"]
[BlackElo "2302"]

1.d4 Nf6 2.c4 g6 3.Nc3 Bg7 4.e4 d6 5.Nf3 O-O 6.Be2 e5 7.O-O Nc6 8.d5 Ne7
9.Ne1 Nd7 10.Be3 f5 11.f3 f4 12.Bf2 g5 13.a4 a6 14.Nd3 Rf6 15.c5 Rh6 16.cxd6 cxd6
17.a5 Qe8 18.Be1 Kh8 19.Nf2 Rg6 20.Na4 Ng8 21.Rc1 Bf6 22.Rc4 Bd8 23.Qb3 h5
24.h3 Nh6 25.Bd2 g4 26.fxg4 Qg8 27.Qc3 Bh4 28.Bxf4 hxg4 29.Nxg4 Nf6 30.Nxh6 Rxg2+
31.Kh1 Bd7 32.Nxg8 Raxg8 33.Qf3  1-0

[Event "JUG-chT"]
[Site "Vrnjacka Banja"]
[Date "1999.??.??"]
[Round "8"]
[White "Nikcevic, Nebojsa"]
[Black "Antic, Dejan"]
[Result "1/2-1/2"]
[WhiteElo "2466"]
[BlackElo "2494"]

1.d4 Nf6 2.c4 g6 3.Nc3 Bg7 4.e4 d6 5.Nf3 O-O 6.Be2 e5 7.O-O Nc6 8.d5 Ne7
9.Bg5 h6 10.Bxf6 Bxf6 11.b4 Bg7 12.c5 f5 13.Nd2 fxe4 14.Ndxe4 Nf5 15.Bg4 Qe7
16.a4 h5 17.Bh3 Bh6 18.a5 a6 19.Qd3 g5  1/2-1/2

[Event "Wisla Hugart op (Women)"]
[Site "Warsaw"]
[Date "1999.??.??"]
[Round "?"]
[White "Radziewicz, Iweta"]
[Black "Reizniece, Dana"]
[Result "1-0"]
[WhiteElo "2384"]
[BlackElo "2270"]

1.Nf3 Nf6 2.c4 g6 3.Nc3 Bg7 4.d4 O-O 5.e4 d6 6.Be2 e5 7.O-O Nc6 8.d5 Ne7
9.Ne1 Nd7 10.Be3 f5 11.f3 f4 12.Bf2 h5 13.Rc1 g5 14.c5 Nf6 15.cxd6 cxd6 16.Nb5 Ne8
17.Nxa7 Bd7 18.Qb3 Qb8 19.Bb5 Bxb5 20.Nxb5 g4 21.a4 g3 22.Bb6 Ra6 23.a5 Nc8
24.Nc7 Nxc7 25.Bxc7 Qa7+ 26.Kh1 Bf6 27.Nd3 Qa8 28.Qb5 Na7 29.Qd7 Rf7 30.Qe6 Kg7
31.Bb6 Rxb6 32.axb6 Nb5 33.Rc8 Qa6 34.Qe8 Kg6 35.Rc7 Nxc7 36.bxc7 Qxd3 37.Rc1 h4
38.c8=Q  1-0

[Event "Wisla Hugart op (Women)"]
[Site "Warsaw"]
[Date "1999.??.??"]
[Round "?"]
[White "Cmilyte, Viktorija"]
[Black "Semenova, Irina"]
[Result "1-0"]
[WhiteElo "2310"]
[BlackElo "2268"]

1.d4 Nf6 2.c4 g6 3.Nc3 Bg7 4.e4 d6 5.Be2 O-O 6.Nf3 e5 7.O-O Nc6 8.d5 Ne7
9.b4 a5 10.Ba3 axb4 11.Bxb4 Ne8 12.c5 f5 13.Nd2 fxe4 14.Ndxe4 Nf5 15.cxd6 cxd6
16.Nb5 Qb6 17.a4 Qd8 18.Bg4 Ra6 19.Rc1 Bd7 20.Be2 Qh4 21.Bd3 Nf6 22.g3 Qh3
23.Ng5 Qg4 24.Qxg4 Nxg4 25.a5 Bh6 26.h4 e4 27.Be2 Ne5 28.Rc7 Bxg5 29.hxg5 Nf3+
30.Kg2 Bc8 31.Nc3 Nxg5 32.Bxa6 bxa6 33.Rh1 h5 34.Ne2 Nf3 35.Rhc1 N3h4+ 36.gxh4 Nxh4+
37.Kg3 Bg4 38.Kxh4  1-0

[Event "Hoogovens-C op"]
[Site "Wijk aan Zee"]
[Date "1999.??.??"]
[Round "1"]
[White "Oosterom, Erik"]
[Black "Naiditsch, Arkadij"]
[Result "0-1"]
[WhiteElo "2270"]
[BlackElo "2425"]

1.d4 Nf6 2.c4 g6 3.Nc3 Bg7 4.e4 d6 5.Nf3 O-O 6.Be2 e5 7.O-O Nc6 8.d5 Ne7
9.Nd2 Ne8 10.b4 f5 11.c5 Nf6 12.f3 f4 13.Nc4 g5 14.Ba3 Ng6 15.b5 dxc5 16.Bxc5 Rf7
17.Kh1 h5 18.Bg1 Bf8 19.Na4 b6 20.Nab2 g4 21.Nd3 Bd6 22.Re1 Rg7 23.Rc1 h4
24.fxg4 Nxe4 25.h3 Ng3+ 26.Kh2 e4 27.Nxd6 exd3 28.Bxd3 cxd6 29.Bd4 Ne5 30.Bxe5 dxe5
31.Rxe5 Bb7 32.Qd2 Qd6 33.Qxf4 Rf8 34.Qe3 Bxd5 35.Qd4 Rd7 36.Qxd5+ Qxd5 37.Rxd5 Rxd5
38.Bc4 Nf1+ 39.Bxf1 Rd2 40.Bc4+ Kg7 41.Bb3 Rff2 42.Rg1 Rb2 43.Kh1 Kh6 44.Kh2 Kg6
45.Kh1 Kg5 46.Kh2 Kf4 47.Bc4 Rb4 48.Bb3 Rxb5 49.Rd1 a5 50.Rd7 Re5 51.Rf7+ Ke3
52.Rh7 b5 53.Rxh4 a4 54.Bg8 Rf8 55.Bh7 Rh8 56.Kg3 Re7 57.Bf5 Rxh4 58.Kxh4 b4
59.Bc2 Ra7 60.g5 Kd2 61.Bf5 b3 62.a3 Kc3 63.g6 b2 64.g4 Kb3 65.Kg5 Ka2 66.h4 Ra5
67.g7 b1=Q 68.Kg6 Qb6+ 69.Kh7 Ra7 70.h5 Kb2  0-1

[Event "Hoogovens-C op"]
[Site "Wijk aan Zee"]
[Date "1999.??.??"]
[Round "4"]
[White "Zielinska, Marta"]
[Black "Danailov, Silvio"]
[Result "0-1"]
[WhiteElo "2345"]
[BlackElo "2450"]

1.d4 Nf6 2.Nf3 g6 3.c4 Bg7 4.Nc3 O-O 5.e4 d6 6.Be2 e5 7.O-O Nc6 8.d5 Ne7
9.Ne1 Nd7 10.f3 f5 11.Be3 f4 12.Bf2 g5 13.Rc1 Ng6 14.c5 Nxc5 15.b4 Na6 16.Nb5 Bd7
17.Nxa7 Rf7 18.a4 Nxb4 19.Qb3 b6 20.Nc6 Nxc6 21.dxc6 Be8 22.Bc4 Ne7 23.Nd3 Nxc6
24.Qc2 Ra7 25.Bd5 Nd4 26.Bxd4 exd4 27.Rfe1 c5 28.e5 dxe5 29.Qc4 Kf8 30.Nxe5 Rf5
31.Nc6 Qxd5 32.Nxa7 Qxc4 33.Rxc4 Bf7 34.Rcc1 d3 35.Red1 Bd4+ 36.Kf1 c4 37.Nb5 Bb2  0-1

[Event "CRO-chT3"]
[Site "Zadar"]
[Date "1999.??.??"]
[Round "1"]
[White "Maruncic, Vicko"]
[Black "Ugrin, Dragan"]
[Result "0-1"]
[WhiteElo "2185"]
[BlackElo "2175"]

1.d4 Nf6 2.c4 g6 3.Nf3 Bg7 4.Nc3 O-O 5.e4 d6 6.Be2 e5 7.O-O Nc6 8.d5 Ne7
9.Ne1 Nd7 10.Be3 f5 11.f3 f4 12.Bf2 g5 13.Nd3 h5 14.c5 Nf6 15.Rc1 g4 16.cxd6 cxd6
17.Nb5 g3 18.hxg3 fxg3 19.Bxg3 Ng6 20.Bf2 Rf7 21.Qb3 Bh6 22.Rc2 b6 23.Rc6 Ne8
24.Qa3 Rd7 25.Re1 Bb7 26.Rc2 a6 27.Nc3 h4 28.Na4 Rg7 29.Bf1 b5 30.Nc3 Nf6
31.Ne2 Nh5 32.Kh1 a5 33.b4 a4 34.Ng1 Bc8 35.Qc3 Bd7 36.Qc7 Qf6 37.Qb7 Rf8
38.Rc7 Rff7 39.Qb6 Ng3+ 40.Bxg3 hxg3 41.Rxd7 Rxd7 42.Qxb5 a3 43.Nh3 Bd2 44.Rb1 Rh7
45.Qb8+ Rd8 46.Qb6 Rf8 47.Be2 Nh4 48.Rd1 Qh6 49.Qg1 Be3 50.Qf1 Nxg2 51.Qxg2 Qxh3+
52.Qxh3 Rxh3+ 53.Kg2 Rh2+ 54.Kxg3 Rxe2  0-1

[Event "CRO-chT3"]
[Site "Zadar"]
[Date "1999.??.??"]
[Round "2"]
[White "Gagarin, Vasilij"]
[Black "Ugrin, Dragan"]
[Result "1/2-1/2"]
[WhiteElo "2403"]
[BlackElo "2175"]

1.d4 Nf6 2.Nf3 g6 3.c4 Bg7 4.Nc3 O-O 5.e4 d6 6.Be2 e5 7.O-O Nc6 8.d5 Ne7
9.b4 a5 10.bxa5 Rxa5 11.Nd2 Nd7 12.a4 f5 13.Ba3 b6 14.Bb4 Ra8 15.a5 bxa5
16.Bxa5 Ba6 17.Ra3 Nf6 18.c5 Bxe2 19.Qxe2 dxc5 20.Nc4 Qc8 21.Nxe5 fxe4 22.Qc4 Qa6
23.Nb5 Nfxd5 24.Bxc7 Qe6 25.Rxa8 Rxa8 26.Qxe4 Rc8 27.Bd6 Nf5 28.Rd1 Nxd6
29.Nxd6 Qxd6 30.Rxd5 Qa6 31.h4 c4 32.Nxc4 Rxc4 33.Rd8+ Bf8 34.Qd5+ Kg7 35.Rd7+ Kh8
36.Qe5+  1/2-1/2

[Event "CRO-chT3"]
[Site "Zadar"]
[Date "1999.??.??"]
[Round "2"]
[White "Bender, Ivan"]
[Black "Matkovic, Tonci"]
[Result "1/2-1/2"]
[WhiteElo "2175"]
[BlackElo "2290"]

1.d4 Nf6 2.c4 g6 3.Nc3 Bg7 4.e4 d6 5.Nf3 O-O 6.Be2 e5 7.O-O Nc6 8.d5 Ne7
9.b4 Nd7 10.a4 a5 11.Ba3 axb4 12.Bxb4 Nc5 13.a5 Na6 14.Ba3 Bg4 15.Nd2 Bxe2
16.Qxe2 f5 17.f3 c5 18.Nb5 Bh6 19.Nb3 fxe4 20.fxe4 Qd7 21.Rad1 Rxf1+ 22.Rxf1 Rf8
23.Bc1 Bxc1 24.Nxc1 Nc8 25.Rxf8+ Kxf8 26.Nb3 Kg7 27.h3 Nb4 28.Kh2 Ne7 29.Nd2 h6
30.Kg3 g5 31.Qg4 Qxg4+ 32.Kxg4 Nc8 33.h4 gxh4 34.Kxh4 Nc2 35.g3 Ne3 36.Nc7 Kg6
37.Nb5 h5 38.Nc7 Ng4 39.Kh3 Nf6 40.Ne6 Nd7 41.Nc7 Nf6 42.Ne6  1/2-1/2

[Event "Zagreb op"]
[Site "Zagreb"]
[Date "1999.??.??"]
[Round "4"]
[White "Grdinic, Zvonimir"]
[Black "Mihalincic, Tomislav"]
[Result "1-0"]
[WhiteElo "2370"]
[BlackElo "2143"]

1.Nf3 Nf6 2.c4 g6 3.Nc3 Bg7 4.e4 d6 5.d4 O-O 6.Be2 e5 7.O-O Nc6 8.d5 Ne7
9.b4 Nh5 10.c5 Nf4 11.Bc4 h6 12.Rb1 g5 13.Re1 Nfg6 14.Rb3 f5 15.exf5 Nxf5
16.Ne4 g4 17.Nfd2 Nd4 18.Ra3 h5 19.Nb3 Nxb3 20.Bg5 Qd7 21.Rxb3 Nf4 22.Qd2 b6
23.Rd1 Qf5 24.Re3 Qd7 25.cxd6 cxd6 26.b5 a5 27.bxa6 b5 28.Bb3 Rxa6 29.Rc1 Bb7
30.Rc6 Kh8 31.Rxa6 Bxa6 32.Rc3 Bb7 33.Rc2 Rc8 34.Rxc8+ Bxc8 35.Bxf4 exf4
36.Qxf4 Be5 37.Qf8+ Kh7 38.Bc2  1-0

[Event "Zagreb op"]
[Site "Zagreb"]
[Date "1999.??.??"]
[Round "7"]
[White "Bender, Ivan"]
[Black "Grdinic, Zvonimir"]
[Result "0-1"]
[WhiteElo "2175"]
[BlackElo "2370"]

1.d4 Nf6 2.c4 g6 3.Nc3 Bg7 4.e4 d6 5.Nf3 O-O 6.Be2 e5 7.O-O Nc6 8.d5 Ne7
9.b4 a5 10.bxa5 c5 11.Bd2 Rxa5 12.Qc1 Nh5 13.Rb1 Kh8 14.Rb3 Ng8 15.Ne1 Ra6
16.Bxh5 gxh5 17.f4 exf4 18.Bxf4 f5 19.exf5 Rxf5 20.Qd2 Ne7 21.Nf3 Qf8 22.Bg5 Ng6
23.Re1 Ne5 24.Nxe5 Bxe5 25.Ne4 Ra4 26.Qe2 Rf7 27.h3 Bf5 28.Ng3 Bg6 29.Rf1 Rxf1+
30.Nxf1 Qf5 31.Bh4 Qc2 32.Qf3 Qf5 33.Qe2 Qe4 34.Qf2 Bd4 35.Ne3 Kg8 36.Kh2 Ra8
37.Bg3 Re8 38.Bf4 Rf8 39.g3 h4 40.a4 hxg3+  0-1

[Event "Zagreb op"]
[Site "Zagreb"]
[Date "1999.??.??"]
[Round "8"]
[White "Loncar, Robert"]
[Black "Cop, Tomislav"]
[Result "1-0"]
[WhiteElo "2419"]
[BlackElo "2200"]

1.d4 Nf6 2.c4 g6 3.Nc3 Bg7 4.e4 d6 5.Nf3 O-O 6.Be2 e5 7.O-O Nc6 8.d5 Ne7
9.b4 Nh5 10.Re1 Nf4 11.Bf1 f5 12.Bxf4 exf4 13.e5 dxe5 14.Nxe5 a5 15.a3 f3
16.c5 axb4 17.d6 cxd6 18.cxd6 Bxe5 19.dxe7 Qxe7 20.Qd5+ Qf7 21.Rxe5 bxc3
22.Qc5 b6 23.Qxc3 Qf6 24.Rae1 fxg2 25.Bxg2 Ra5 26.Qc4+ Kh8 27.Re8 Bd7 28.Rxf8+ Qxf8
29.Qd4+ Qg7 30.Qxb6 Re5  1-0

[Event "Zaragoza op 11th"]
[Site "Zaragoza"]
[Date "1999.??.??"]
[Round "5"]
[White "Pogorelov, Ruslan"]
[Black "Del Rey, Diego"]
[Result "1-0"]
[WhiteElo "2505"]
[BlackElo "2370"]

1.Nf3 Nf6 2.c4 g6 3.Nc3 Bg7 4.e4 d6 5.d4 O-O 6.Be2 e5 7.O-O Nc6 8.d5 Ne7
9.Ne1 Nd7 10.Be3 f5 11.f3 f4 12.Bf2 g5 13.a4 Ng6 14.a5 Rf7 15.b4 Bf8 16.c5 Nf6
17.c6 bxc6 18.dxc6 Be6 19.Nd5 Kh8 20.Nxf6 Qxf6 21.b5 Ne7 22.Rc1 Nc8 23.Nd3 h5
24.Nb4 Rg7 25.Nd5 Qd8 26.h3 Be7 27.Rc3 Bf6 28.Bc4 Bxd5 29.Bxd5 Rb8 30.Qd3 g4
31.fxg4 Bh4 32.Bxh4 Qxh4 33.Be6 Ne7 34.Rb1 Rf8 35.Qe2 Qf6 36.Bd7 d5 37.b6 axb6
38.axb6 d4 39.Rcc1 cxb6 40.Rxb6 Qd6 41.Rb3 Ng6 42.Qc4 hxg4 43.Bxg4 Rc7 44.Rb7 Ne7
45.Rxc7 Qxc7 46.Qe6 Kg7 47.Rc5 Ng6 48.Rd5  1-0

[Event "Morava-ch U15"]
[Site "Zlin"]
[Date "1999.??.??"]
[Round "4"]
[White "Vlk, Miroslav"]
[Black "Jurek, Miroslav"]
[Result "0-1"]
[WhiteElo "1745"]
[BlackElo "1670"]

1.d4 Nf6 2.c4 g6 3.Nc3 Bg7 4.e4 d6 5.Nf3 O-O 6.Be2 e5 7.O-O Nc6 8.dxe5 Nxe5
9.Nxe5 dxe5 10.Be3 Be6 11.Qc1 c6 12.Bh6 Qb6 13.Bxg7 Kxg7 14.Rd1 Rad8 15.Na4 Qa5
16.Qc2 h6 17.b3 Rfe8 18.Bf3 Rxd1+ 19.Rxd1 Rd8 20.Rxd8 Qe1+  0-1

[Event "Hilton Open"]
[Site "Basel SUI"]
[Date "2000.01.01"]
[Round "2"]
[White "Farago,I"]
[Black "Joksic,S"]
[Result "1-0"]
[WhiteElo "2467"]
[BlackElo "2306"]

1.d4 d6 2.Nf3 g6 3.c4 Bg7 4.Nc3 Nf6 5.e4 O-O 6.Be2 e5 7.O-O Nc6 8.d5 Ne7
9.b4 a5 10.Ba3 Nh5 11.c5 Nf4 12.b5 Nxe2+ 13.Qxe2 Bg4 14.b6 dxc5 15.bxc7 Qxc7
16.Rad1 Qd7 17.Bxc5 Rac8 18.Qe3 Bxf3 19.gxf3 f5 20.d6 Nc6 21.Nd5 Nd4 22.Ne7+ Kh8
23.Nxc8 fxe4 24.Bxd4 exf3 25.Kh1 exd4 26.Qe7 Qxc8 27.d7 Qb8 28.Rfe1 Bf6 29.Qxf8+ Qxf8
30.Re8 Kg7 31.Rxf8 Kxf8 32.Rxd4 Bd8 33.Re4 Be7 34.Rf4+ Kg7 35.Rc4  1-0

[Event "Boavista Masters"]
[Site "Porto POR"]
[Date "2000.01.04"]
[Round "8"]
[White "Spraggett,K"]
[Black "Santos,CP"]
[Result "1-0"]
[WhiteElo "2521"]
[BlackElo "2383"]

1.c4 g6 2.d4 Nf6 3.Nc3 Bg7 4.e4 d6 5.Nf3 O-O 6.Be2 e5 7.O-O Nc6 8.d5 Ne7
9.Kh1 Kh8 10.Ne1 Nd7 11.Nd3 f5 12.exf5 Nxf5 13.f3 c6 14.Nf2 cxd5 15.cxd5 Nf6
16.Nfe4 Nxe4 17.Nxe4 Bd7 18.a4 Rc8 19.a5 Rc7 20.Bg5 Qb8 21.Bd3 h6 22.Bd2 Qd8
23.Qb3 Bc8 24.Rac1 Rff7 25.Qa3 Bf8 26.b4 Rxc1 27.Rxc1 Rc7 28.b5 b6 29.axb6 axb6
30.Rxc7 Qxc7 31.Qa8 Ne7 32.h3 Kg7 33.Kh2 Bb7 34.Bxh6+  1-0

[Event "Challengers"]
[Site "Hastings ENG"]
[Date "2000.01.05"]
[Round "8"]
[White "Van Laatum,G"]
[Black "Hebden,M"]
[Result "1/2-1/2"]
[WhiteElo "2361"]
[BlackElo "2510"]

1.d4 Nf6 2.c4 g6 3.Nc3 Bg7 4.e4 d6 5.Be2 O-O 6.Nf3 e5 7.O-O Nc6 8.d5 Ne7
9.Bg5 Nd7 10.Nd2 f6 11.Be3 f5 12.f3 f4 13.Bf2 g5 14.b4 Rf6 15.c5 Rh6 16.cxd6 cxd6
17.Nb5 a6 18.Na7 Qe8 19.Nxc8 Nxc8 20.Rc1 Ncb6 21.a4 a5 22.bxa5 Rxa5 23.Bb5 Qd8
24.Qc2 Nc5 25.Nb3 Nxb3 26.Qxb3 Nd7 27.Bxd7 Qxd7 28.Qb6 Ra6 29.Qb5 Qxb5 30.axb5 Ra5
31.Rc8+ Bf8 32.b6 Rf6 33.Rfc1 Rf7 34.Kf1 h5 35.R8c7 Rb5 36.Rxf7 Kxf7 37.Rc7+ Be7
38.Rxb7 Rb1+ 39.Ke2 Rb2+ 40.Ke1 Ke8 41.h3 Bd8 42.Rg7 Kf8 43.Rd7 Bxb6 44.Bxb6 Rxb6
45.Rh7 g4 46.hxg4 hxg4 47.fxg4 Rb4 48.Rd7 Rxe4+ 49.Kf2 Re3 50.Rxd6 Rd3 51.g5 Kg7
52.Re6 Rxd5 53.Kf3 Kf7  1/2-1/2

[Event "Boavista Masters"]
[Site "Porto POR"]
[Date "2000.01.05"]
[Round "9"]
[White "Santos,CP"]
[Black "Damaso,R"]
[Result "1/2-1/2"]
[WhiteElo "2383"]
[BlackElo "2399"]

1.d4 Nf6 2.c4 g6 3.Nc3 Bg7 4.e4 d6 5.Nf3 O-O 6.Be2 e5 7.O-O Nc6 8.d5 Ne7
9.b4 Nh5 10.Re1 f5 11.Nd2 Nf6 12.c5 Kh8  1/2-1/2

[Event "ch-CRO"]
[Site "Pula CRO"]
[Date "2000.01.09"]
[Round "3"]
[White "Kovacevic,B"]
[Black "Krstic,U"]
[Result "1/2-1/2"]
[WhiteElo "2447"]
[BlackElo "2308"]

1.c4 Nf6 2.Nc3 g6 3.e4 d6 4.d4 Bg7 5.Nf3 O-O 6.Be2 e5 7.O-O Nc6 8.d5 Ne7
9.Ne1 Nd7 10.Nd3 f5 11.f3 f4 12.g4 h5 13.h3 g5 14.Kg2 Nf6 15.Bd2  1/2-1/2

[Event "ch-CRO"]
[Site "Pula CRO"]
[Date "2000.01.11"]
[Round "5"]
[White "Zaja,I"]
[Black "Golubovic,B"]
[Result "1/2-1/2"]
[WhiteElo "2446"]
[BlackElo "2457"]

1.d4 d6 2.Nf3 Nf6 3.c4 g6 4.Nc3 Bg7 5.e4 O-O 6.Be2 e5 7.O-O Nc6 8.Be3 Ng4
9.Bg5 f6 10.Bc1 Kh8 11.h3 exd4 12.Nxd4 Nxd4 13.Qxd4 f5 14.Qd1 Ne5 15.exf5 Bxf5
16.f4 Nc6 17.Be3 Qh4 18.Qd2 Rae8 19.Rad1 b6 20.Nd5 Qd8 21.Bf3 Be4 22.Nc3 Bxf3
23.Rxf3 a5 24.b3 Qc8 25.Nd5 Ne7 26.Bd4 Nxd5 27.Bxg7+ Kxg7 28.cxd5 Rf7 29.Qd3 Qf5
30.Qxf5 Rxf5 31.Rd4 Kf8 32.Kf2 Re7 33.g4 Rff7 34.Re3 Ke8 35.Rde4 Rxe4 36.Rxe4+ Kd7
37.Ke3 Rf8 38.a4 b5 39.b4 axb4 40.axb5 Ra8 41.Rxb4 Ra3+ 42.Ke4 Rxh3 43.b6 cxb6
44.Rxb6 Rh4 45.Kf3 Rh3+ 46.Kg2 Rd3 47.Rb7+ Ke8 48.Rxh7 Kf8 49.Rd7 Rxd5 50.Kg3 Rd4
51.Kf3 d5  1/2-1/2

[Event "Troll Masters"]
[Site "Gausdal NOR"]
[Date "2000.01.14"]
[Round "7"]
[White "Pedersen,St"]
[Black "Gabrielsen,S"]
[Result "1-0"]
[WhiteElo "2427"]
[BlackElo "2295"]

1.d4 Nf6 2.Nf3 g6 3.c4 Bg7 4.Nc3 O-O 5.e4 d6 6.Be2 e5 7.O-O Nc6 8.d5 Ne7
9.b4 a5 10.Ba3 axb4 11.Bxb4 Nd7 12.a4 Bh6 13.a5 f5 14.Nd2 Nf6 15.c5 Bxd2
16.Qxd2 Nxe4 17.Nxe4 fxe4 18.Bc3 Nf5 19.cxd6 cxd6 20.Ra4 Nd4 21.Rxd4 exd4
22.Qxd4 Kf7 23.Qg7+ Ke8 24.Bb5+ Bd7 25.Re1 Qe7 26.Rxe4  1-0

[Event "Extraliga CZE"]
[Site "Ostrava CZE"]
[Date "2000.01.16"]
[Round "7"]
[White "Shirov,A"]
[Black "Babula,V"]
[Result "1-0"]
[WhiteElo "2734"]
[BlackElo "2567"]

1.d4 Nf6 2.c4 g6 3.Nc3 Bg7 4.e4 d6 5.Be2 O-O 6.Nf3 e5 7.O-O Nc6 8.d5 Ne7
9.b4 Nh5 10.Re1 a5 11.bxa5 f5 12.Nd2 Nf4 13.Nb3 Nxe2+ 14.Rxe2 f4 15.Rc2 f3
16.gxf3 h6 17.c5 g5 18.cxd6 cxd6 19.Na4 Ng6 20.Nb6 Nh4 21.Nd2 Rb8 22.Qf1 Rxf3
23.Nxf3 Nxf3+ 24.Kh1 Bg4 25.Qg2 Ne1 26.Qxg4 Nxc2 27.Rb1 Qc7 28.Bd2 Rf8 29.Rf1 Nd4
30.Be3 Qc2 31.Rc1 Qd3 32.Rd1 Qc2 33.Rc1 Qd3 34.Nd7 Rf7 35.h4 gxh4 36.Qg6 Nc2
37.Kh2 Qe2 38.Qe6 Nxe3 39.Rc8+ Kh7 40.Qxf7 Ng4+  1-0

[Event "Perenyi Mem"]
[Site "Gyula HUN"]
[Date "2000.01.24"]
[Round "1"]
[White "Lauber,A"]
[Black "Vajda,L"]
[Result "0-1"]
[WhiteElo "2416"]
[BlackElo "2459"]

1.d4 Nf6 2.c4 g6 3.Nc3 Bg7 4.e4 d6 5.Nf3 O-O 6.Be2 e5 7.O-O Nc6 8.d5 Ne7
9.b4 Nd7 10.c5 f5 11.Ng5 Nf6 12.cxd6 cxd6 13.Bf3 h6 14.Ne6 Bxe6 15.dxe6 fxe4
16.Bxe4 d5 17.Bc2 Qb6 18.Bb2 Qxe6 19.Re1 Kh7 20.Nb5 Qb6 21.Rxe5 Nc6 22.Re6 Qxb5
23.Bxg6+ Kxg6 24.Qg4+ Kf7 25.Bxf6 Bxf6 26.Rae1 Qd3 27.R6e3 Qg6 28.Qd7+ Kg8
29.Rg3 Bg5 30.h4 Qf5 31.Qd6 Rf6 32.Qc5 b6 33.Qe3 d4 34.Qd2 Rg6 35.hxg5 hxg5
36.Qc1 g4 37.Qc4+ Qf7 38.Qd3 Re8 39.Rc1 Qf6 40.Qb3+ Kg7  0-1

[Event "V Ubeda Open"]
[Site "Ubeda ESP"]
[Date "2000.01.24"]
[Round "6"]
[White "Ravi,L"]
[Black "Lomineishvili,M"]
[Result "1-0"]
[WhiteElo "2391"]
[BlackElo "2290"]

1.d4 Nf6 2.c4 g6 3.Nc3 Bg7 4.e4 d6 5.Be2 O-O 6.Nf3 e5 7.O-O Nc6 8.d5 Ne7
9.b4 a5 10.bxa5 c5 11.Nd2 Rxa5 12.a4 Nd7 13.Nb5 Ra6 14.Ra3 Kh8 15.Qc2 Bh6
16.Bb2 Kg8 17.Nf3 f5 18.exf5 gxf5 19.Nh4 Nf6 20.g3 Bg7 21.f4 e4 22.Ng2 Ng6
23.Ra2 Qe7 24.Ne3 Ne8 25.Bd1 Bxb2 26.Qxb2 Nf6 27.Qc3 h5 28.h3 Rf7 29.Rg2 Rg7
30.Qe1 Nh8 31.Qc3 Ng6 32.Qb2 Ra8 33.Nc7 Rb8 34.a5 Rf7 35.Ne6 Bxe6 36.dxe6 Qxe6
37.g4 hxg4 38.hxg4 Nxg4 39.Bxg4 fxg4 40.f5 Qe5 41.fxg6 Rxf1+ 42.Kxf1 Rf8+
43.Kg1 Qf4 44.Qe2 g3 45.Qe1  1-0

[Event "Corus B"]
[Site "Wijk aan Zee NED"]
[Date "2000.01.29"]
[Round "10"]
[White "Danailov,S"]
[Black "Nijboer,F"]
[Result "1-0"]
[WhiteElo "2462"]
[BlackElo "2540"]

1.c4 Nf6 2.Nc3 g6 3.e4 d6 4.d4 Bg7 5.Nf3 O-O 6.Be2 e5 7.O-O Nc6 8.d5 Ne7
9.b4 a5 10.Ba3 b6 11.bxa5 Nh5 12.Re1 f5 13.Bb4 bxa5 14.Ba3 Nf4 15.Bf1 fxe4
16.Nxe4 Bg4 17.Ned2 e4 18.Rxe4 Bxf3 19.Nxf3 Bxa1 20.Qxa1 Nh3+ 21.gxh3 Rxf3
22.Bb2 Rb8 23.Bf6 Rxf6 24.Qxf6 Nf5 25.Qxd8+ Rxd8 26.c5 dxc5 27.Ra4 Kf8 28.Rxa5 Rxd5
29.Ra7 Rd7 30.Ra5 Ke7 31.Rxc5 Kd6 32.Rc3 c5 33.Bd3 Nd4 34.Kg2 Ra7 35.Bc4 Ra8
36.Rd3 Kc6 37.h4 Rf8 38.Ra3 Rf4 39.h5 gxh5 40.Ra6+ Kb7 41.Rh6 Nf5 42.Bd5+ Kc7
43.Rc6+ Kd7 44.Rxc5 Rg4+ 45.Kf1 Kd6 46.Rb5 Rf4 47.Bb3 h4 48.h3 Ng3+ 49.Kg2 Ne4
50.Rd5+ Kc7 51.f3 Nf6 52.Rc5+ Kd6 53.Rc4 Rxc4 54.Bxc4 Kc5 55.Be6 Nh5 56.Kf2 Nf4
57.Bf5 Kd4 58.a4 h6 59.a5 Kc5 60.a6 Kb6 61.Ke3 Nd5+ 62.Kd4 Nf4 63.Ke5 Ne2
64.Bc8 Ka7 65.f4 Ng1 66.Ke4 Kb8 67.Be6  1-0